000 00482nam a2200193Ia 4500
005 20250423094653.0
008 250422s9999 xx 000 0 und d
020 _a9780070091665
050 _aHF 5351 .F47/
100 _aFerrell, O. C.
245 0 _aBusiness: a changing world
250 _a7th ed.
260 _aNew York
260 _bMac-Graw Hill Companies
260 _c2009
300 _a588 p
650 _a Business. Industrial management.
942 _cBK
999 _c27940
_d27940